Na východe vedia, čo s peniazmi odlišnosti v zadlženosti sú aj v korporátnej sfére

Krajiny strednej a východnej Európy a zadlženosť podnikového sektora. Dôsledky globálnej finančnej krízy v krajinách SVE. Hrubé zadĺženie a čisté zisky po zdanení. Kapitálové výnosy a konkurencieschopnosť. Porovnanie podnikateľského sektora so západom.

Gespeichert in:
Bibliographische Detailangaben
1. Verfasser: Spiš, Jaroslav
Format: Buchkapitel
Sprache:Slowakisch
Schlagworte:
Tags: Tag hinzufügen
Keine Tags, Fügen Sie das erste Tag hinzu!

MARC

LEADER 00000naa a2200000 4500
001 0123266
005 20231019091413.0
041 0 |a slo 
044 |a SK 
245 1 0 |a Na východe vedia, čo s peniazmi  |b odlišnosti v zadlženosti sú aj v korporátnej sfére  |c Jaroslav Spiš 
520 |a Krajiny strednej a východnej Európy a zadlženosť podnikového sektora. Dôsledky globálnej finančnej krízy v krajinách SVE. Hrubé zadĺženie a čisté zisky po zdanení. Kapitálové výnosy a konkurencieschopnosť. Porovnanie podnikateľského sektora so západom. 
610 2 0 |a Európa 
610 2 0 |a SVE 
610 2 0 |a západná Európa 
610 2 0 |a prostredie podnikateľské 
610 2 0 |a korporácie 
610 2 0 |a firmy 
610 2 0 |a investície 
610 2 0 |a rentabilita podniku 
610 2 0 |a kapitál vlastný 
610 2 0 |a cash flow 
610 2 0 |a výnosy 
610 2 0 |a zisk 
610 2 0 |a konkurencieschopnosť 
100 1 |a Spiš, Jaroslav